| 000 | 00536nam a22001817a 4500 | ||
|---|---|---|---|
| 005 | 20260227020100.0 | ||
| 008 | 260227b |||||||| |||| 00| 0 eng d | ||
| 020 | _a978 1 133 43994 3 | ||
| 040 | _cJHCSC | ||
| 082 | _a005.73 | ||
| 100 |
_910197 _aSadhana Malik | Suseela Nair _eAuthors |
||
| 245 | _aData Structures in JAVA | ||
| 250 | _aPhillipine Edition | ||
| 260 |
_aPhilippines _bCENGAGE Learning _c2012 |
||
| 300 |
_axix, 631 pages _bIncludes Figures |
||
| 760 | _bPhilippines Edition | ||
| 942 |
_2ddc _cBOOK _ePhilippines Edition |
||
| 999 |
_c11382 _d11382 |
||